Encyclopedia of Chemical Technology. Vol. 3 : Antibiotics to Batteries

Salvato in:
Dettagli Bibliografici
Autore principale: Kirk-Othmer (Autore)
Natura: Libro
Lingua:inglese
Pubblicazione: New York : John Wiley & Sons, 1992
Edizione:4th Edition
Tags: Aggiungi Tag
Nessun Tag, puoi essere il primo ad aggiungerne!!

MARC

LEADER 00000nam a22000003a 4500
001 stu49275
005 20190206124447.5
008 990304s1992------------------------eng-d
020 |a 0-471-52671-1 
040 |a STU  |b slo 
041 0 |a eng 
080 |a 66(03) 
100 1 |a Kirk-Othmer  |4 aut 
245 1 |a Encyclopedia of Chemical Technology. Vol. 3 :  |b Antibiotics to Batteries 
250 |a 4th Edition 
260 |a New York :  |b John Wiley & Sons,  |c 1992 
300 |a 1121 s 
500 |a Obr.,tab.,grafy,lit. 
996 |b 284C003258  |c C*95702  |l CCI  |s A  |a 24  |w stu49275_0001